000 00677nam a22002177a 4500
008 150609b xxu||||| |||| 00| 0 eng d
020 _a9780520255197
020 _a0520255194
041 0 _aeng
080 _a930
_x(914)
100 1 _aBlanco, John D.,
245 1 0 _aFrontier constitutions :
_cJohn D. Blanco.
260 _aBerkeley :
_bUniversity of California Press,
_c2009.
300 _a372 f. :
_bme il.;
_c24 cm.
490 1 _aAsia Pacific modern ;
_v4
500 _aPreface: f. xiii - xviii
505 _aIndex: f. 359 - 371
650 0 _aHistoria
650 0 _aFilipinet
942 _2udc
_cBK
999 _c1021
_d1021